[Event " Standard Chess Senior Masters Cup #3"]
[Site "SchemingMind.com"]
[Date "2007.08.07"]
[Round "-"]
[White "griffimv"]
[Black "Chess Tiger"]
[Result "1-0"]
[WhiteCountry "INT"]
[BlackCountry "GER"]
[WhiteElo "2401"]
[WhiteRD "81"]
[BlackElo "2201"]
[BlackRD "76"]
[GameID "114931"]

1. e4 c5 2. Nf3 e6 3. d4 cxd4 4. Nxd4 a6 5. Bd3 Bc5 6. Nb3 Ba7 7. Qe2 Nc6 8. Be3 Bxe3 9. Qxe3 Nf6 10. Nc3 d6
11. O-O-O O-O 12. f4 e5 13. f5 b5 14. Be2 b4 15. Nd5 a5 16. Nxf6+ Qxf6 17. Bb5
1-0

[Event " Standard Chess Senior Masters Cup #3"]
[Site "SchemingMind.com"]
[Date "2007.08.07"]
[Round "-"]
[White "Chess Tiger"]
[Black "griffimv"]
[Result "0-1"]
[WhiteCountry "GER"]
[BlackCountry "INT"]
[WhiteElo "2201"]
[WhiteRD "76"]
[BlackElo "2401"]
[BlackRD "81"]
[GameID "114932"]

1. e4 c5 2. Nf3 d6 3. d4 cxd4 4. Nxd4 Nf6 5. Nc3 a6 6. Be3 e5 7. Nb3 Be6 8. f3 Be7 9. Qd2 O-O 10. O-O-O Nbd7
11. g4 Qc7 12. Kb1 Rfc8 13. Qf2 b5 14. g5 Nh5 15. h4 b4 16. Nd5 Bxd5 17. Rxd5 Rcb8
0-1

[Event " Standard Chess Senior Masters Cup #3"]
[Site "SchemingMind.com"]
[Date "2007.08.08"]
[Round "-"]
[White "kotofey"]
[Black "Chess Tiger"]
[Result "1-0"]
[WhiteCountry "LAT"]
[BlackCountry "GER"]
[WhiteElo "2353"]
[WhiteRD "86"]
[BlackElo "2201"]
[BlackRD "76"]
[GameID "115740"]

1. e4 c5 2. Nf3 e6 3. d4 cxd4 4. Nxd4 a6 5. Bd3 Bc5 6. Nb3 Ba7 7. Qg4 Nf6 8. Qg3 d6 9. Nc3 Nc6 10. Bg5 h6
11. Bd2 Nh5 12. Qf3 Qh4 13. g3 Ne5 14. Qe2 Qg4 15. O-O-O Qxe2 16. Bxe2 Nf6 17. f4 Neg4 18. Be1 Ke7 19. Rd3 Bd7 20. Na5 Rab8
21. Bf3 Rhc8 22. h3
1-0

[Event " Standard Chess Senior Masters Cup #3"]
[Site "SchemingMind.com"]
[Date "2007.08.13"]
[Round "-"]
[White "kotofey"]
[Black "griffimv"]
[Result "1-0"]
[WhiteCountry "LAT"]
[BlackCountry "INT"]
[WhiteElo "2317"]
[WhiteRD "89"]
[BlackElo "2375"]
[BlackRD "81"]
[GameID "115741"]

1. e4 c5 2. Nf3 d6 3. d4 cxd4 4. Nxd4 Nf6 5. Nc3 a6 6. Be3 e5 7. Nb3 Be6 8. Qd2 Nbd7 9. f3 Be7 10. g4 O-O
11. O-O-O Qc7 12. Kb1 Rfc8 13. Qf2 b5 14. g5 Nh5 15. h4 Rcb8 16. f4 exf4 17. Bxf4 Nxf4 18. Qxf4 Ne5 19. Nd4 Re8 20. h5 b4
21. Nd5 Bxd5 22. exd5 Qc5 23. Nf5 Rac8 24. Rh2 Bd8 25. Re2 a5 26. h6 g6 27. Ng3 Qb6 28. Ne4 Ra8 29. Nf6+
1-0

[Event " Standard Chess Senior Masters Cup #3"]
[Site "SchemingMind.com"]
[Date "2007.08.13"]
[Round "-"]
[White "Chess Tiger"]
[Black "kotofey"]
[Result "0-1"]
[WhiteCountry "GER"]
[BlackCountry "LAT"]
[WhiteElo "2297"]
[WhiteRD "79"]
[BlackElo "2317"]
[BlackRD "89"]
[GameID "115742"]

1. e4 c5 2. Nf3 Nc6 3. Bc4 e6 4. O-O Nf6 5. d3 d5 6. exd5 exd5 7. Bb3 Be7 8. Nc3 Be6 9. Re1 O-O 10. d4 c4
11. Ba4 Rc8 12. Bxc6 bxc6 13. Bg5 h6 14. Bh4 Bf5 15. Ne5 Re8 16. b3 c5 17. Ne2 Qc7
0-1

[Event " Standard Chess Senior Masters Cup #3"]
[Site "SchemingMind.com"]
[Date "2007.08.13"]
[Round "-"]
[White "griffimv"]
[Black "kotofey"]
[Result "1/2-1/2"]
[WhiteCountry "INT"]
[BlackCountry "LAT"]
[WhiteElo "2336"]
[WhiteRD "78"]
[BlackElo "2395"]
[BlackRD "85"]
[GameID "115743"]

1. e4 c5 2. Nf3 Nc6 3. d4 cxd4 4. Nxd4 e5 5. Nb5 d6 6. c4 Be7 7. N1c3 a6 8. Na3 Be6 9. Nc2 Bg5 10. Be2 Bxc1
11. Rxc1 Nf6 12. O-O O-O 13. Qd2 Qb6 14. Rfd1 Rfd8 15. b3 Rac8 16. Bf3 Qa5 17. Nd5 Qxd2 18. Nxf6+ gxf6 19. Rxd2 Kf8 20. Rcd1 Ke7
21. g3 h6 22. Kg2 Rc7 23. h3 a5 24. Bg4 a4 25. Rd3 b6 26. f4 Ra7 27. R3d2 axb3 28. axb3 Ra2 29. Ne3 Rxd2+ 30. Rxd2 Nb4
31. Bxe6 fxe6 32. f5 Na6 33. Kf3 Nc5 34. b4 Nb3 35. Ra2 b5 36. cxb5 Nd4+ 37. Kf2 Nxb5 38. Ra6 Rd7 39. fxe6 Kxe6 40. g4 Nc3
41. Kf3 Rb7 42. Nf5 Rxb4 43. Rxd6+ Kf7 44. Nxh6+ Kg6 45. Nf5 Nxe4 46. Rd7 Ng5+ 47. Ke3 Rb3+ 48. Ke2 Ne6 49. h4 Ra3=
1/2-1/2

[Event " Standard Chess Senior Masters Cup #3"]
[Site "SchemingMind.com"]
[Date "2007.08.13"]
[Round "-"]
[White "Mariazb"]
[Black "Chess Tiger"]
[Result "1-0"]
[WhiteCountry "ARG"]
[BlackCountry "GER"]
[WhiteElo "2380"]
[WhiteRD "68"]
[BlackElo "2083"]
[BlackRD "68"]
[GameID "115811"]

1. Nf3 Nf6 2. c4 c5 3. Nc3 Nc6 4. g3 d5 5. d4 e6 6. cxd5 Nxd5 7. Bg2 cxd4 8. Nxd4 Nxc3 9. bxc3 Nxd4 10. Qxd4 Qxd4
11. cxd4 Bd6 12. Bf4 Ke7 13. Kd2 Rd8 14. Bxd6+ Rxd6 15. Ke3 Rb8 16. Rhc1 b5 17. Rc7+
1-0

[Event " Standard Chess Senior Masters Cup #3"]
[Site "SchemingMind.com"]
[Date "2007.08.13"]
[Round "-"]
[White "Mariazb"]
[Black "griffimv"]
[Result "1/2-1/2"]
[WhiteCountry "ARG"]
[BlackCountry "INT"]
[WhiteElo "2340"]
[WhiteRD "70"]
[BlackElo "2336"]
[BlackRD "78"]
[GameID "115812"]

1. c4 e5 2. Nc3 Nf6 3. Nf3 Nc6 4. g3 Bc5 5. Bg2 d6 6. d3 O-O 7. O-O h6 8. Nd5 Bg4 9. h3 Be6 10. Nd2 Bxd5
11. cxd5 Ne7 12. e4 c6 13. dxc6 Nxc6 14. Nc4 b5 15. Ne3 Qd7 16. Bd2 a5 17. h4 Nd4 18. Rc1 Qe6 19. Nd5 Nxd5 20. exd5 Qg6
21. Bc3 f5 22. Kh2 Qg4 23. Bxd4 Qxd4 24. Rc2 Ra7 25. h5 Raf7 26. Bf3 Re7 27. Kh3 a4 28. a3 e4 29. dxe4 Qxd1 30. Bxd1 fxe4
31. Bg4= e3 32. Be6+ Kh7 33. f4 g6 34. hxg6+ Kxg6 35. Kg4 h5+ 36. Kf3 Rh8 37. Rh1 Rb7 38. Rh4 Kf6 39. Rg2 b4 40. g4 bxa3
41. bxa3 hxg4+ 42. Rhxg4 Rbh7 43. Rg6+ Ke7 44. f5 Bd4 45. f6+ Bxf6 46. Rc2 Bd4 47. Rc7+ Kd8=
1/2-1/2

[Event " Standard Chess Senior Masters Cup #3"]
[Site "SchemingMind.com"]
[Date "2007.08.09"]
[Round "-"]
[White "Mariazb"]
[Black "kotofey"]
[Result "1-0"]
[WhiteCountry "ARG"]
[BlackCountry "LAT"]
[WhiteElo "2311"]
[WhiteRD "71"]
[BlackElo "2261"]
[BlackRD "93"]
[GameID "115813"]

1. d4 Nf6 2. c4 e6 3. Nf3 b6 4. g3 Bb7 5. Bg2 Be7 6. Nc3 O-O 7. O-O Ne4 8. Bd2 f5 9. Qc2 Bf6 10. Rad1 Nxc3
11. Bxc3 Be4 12. Qc1 d5 13. Qe3 Re8 14. b3 dxc4 15. bxc4 Nc6 16. g4 g6 17. g5 Bg7 18. d5 Bxc3 19. dxc6 Qe7 20. Qxc3
1-0

[Event " Standard Chess Senior Masters Cup #3"]
[Site "SchemingMind.com"]
[Date "2007.08.13"]
[Round "-"]
[White "Chess Tiger"]
[Black "Mariazb"]
[Result "0-1"]
[WhiteCountry "GER"]
[BlackCountry "ARG"]
[WhiteElo "2083"]
[WhiteRD "68"]
[BlackElo "2380"]
[BlackRD "68"]
[GameID "115814"]

1. e4 c5 2. Nf3 b6 3. d4 cxd4 4. Nxd4 Bb7 5. Nc3 a6 6. g3 e6 7. Bg2 Qc7 8. O-O Nf6 9. Re1 d6 10. Nd5 exd5
11. exd5+ Kd8 12. Bg5 Nd7 13. Nc6+ Bxc6 14. dxc6 Nc5 15. Bxf6+ gxf6 16. Bd5 Ra7
0-1

[Event " Standard Chess Senior Masters Cup #3"]
[Site "SchemingMind.com"]
[Date "2007.08.13"]
[Round "-"]
[White "griffimv"]
[Black "Mariazb"]
[Result "1-0"]
[WhiteCountry "INT"]
[BlackCountry "ARG"]
[WhiteElo "2359"]
[WhiteRD "80"]
[BlackElo "2311"]
[BlackRD "71"]
[GameID "115815"]

1. e4 c5 2. Nf3 d6 3. d4 cxd4 4. Nxd4 Nf6 5. Nc3 a6 6. Be3 e5 7. Nb3 Be6 8. f3 h5 9. Qd2 Nbd7 10. a4 Qc7
11. a5 Be7 12. Nd5 Rc8 13. Nxc7+
1-0

[Event " Standard Chess Senior Masters Cup #3"]
[Site "SchemingMind.com"]
[Date "2007.08.09"]
[Round "-"]
[White "kotofey"]
[Black "Mariazb"]
[Result "1/2-1/2"]
[WhiteCountry "LAT"]
[BlackCountry "ARG"]
[WhiteElo "2271"]
[WhiteRD "94"]
[BlackElo "2349"]
[BlackRD "71"]
[GameID "115816"]

1. e4 c6 2. d4 d5 3. Nc3 dxe4 4. Nxe4 Bf5 5. Ng3 Bg6 6. h4 h6 7. Nf3 Nd7 8. h5 Bh7 9. Bd3 Bxd3 10. Qxd3 e6
11. Bf4 Ngf6 12. O-O-O Be7 13. Kb1 Qa5 14. Ne5 Rd8 15. Qe2 O-O 16. Ng6 Rfe8 17. Nxe7+ Rxe7 18. c4 Ree8 19. Qf3 Qa6 20. Rc1 b5
21. c5 b4 22. Rh3 Qb5 23. Bd6 Nb6 24. Ne4 Nxe4 25. Qxe4 Nc4 26. Bf4 Rd5 27. Rg3 Rxh5 28. Qd3 Rf5 29. Bxh6 Na3+ 30. bxa3 Qxd3+
31. Rxd3 gxh6 32. f3 bxa3 33. Rxa3 Re7 34. Kb2 e5 35. Kc3=
1/2-1/2

[Event " Standard Chess Senior Masters Cup #3"]
[Site "SchemingMind.com"]
[Date "2007.08.17"]
[Round "-"]
[White "Konan_Kaddosh"]
[Black "Chess Tiger"]
[Result "1-0"]
[WhiteCountry "ITA"]
[BlackCountry "GER"]
[WhiteElo "2444"]
[WhiteRD "56"]
[BlackElo "2201"]
[BlackRD "76"]
[GameID "116572"]

1. e4 c5 2. Nf3 Nc6 3. d4 cxd4 4. Nxd4 Nf6 5. Nc3 e5 6. Ndb5 d6 7. Nd5 Nxd5 8. exd5 Ne7 9. c4 Nf5 10. Bd3 Be7
11. O-O a6 12. Nc3 O-O 13. f4 exf4 14. Bxf4 Qb6+ 15. Rf2 Bf6 16. Na4 Qd8 17. Kh1 Re8 18. Bxf5 Bxf5 19. Bxd6 Qxd6 20. Rxf5 b6
21. Qd3
1-0

[Event " Standard Chess Senior Masters Cup #3"]
[Site "SchemingMind.com"]
[Date "2007.08.20"]
[Round "-"]
[White "Konan_Kaddosh"]
[Black "griffimv"]
[Result "1-0"]
[WhiteCountry "ITA"]
[BlackCountry "INT"]
[WhiteElo "2480"]
[WhiteRD "58"]
[BlackElo "2336"]
[BlackRD "78"]
[GameID "116573"]

1. e4 c5 2. Nf3 d6 3. d4 cxd4 4. Nxd4 Nf6 5. Nc3 a6 6. Bc4 e6 7. Bb3 b5 8. O-O Be7 9. f4 O-O 10. e5 dxe5
11. fxe5 Nfd7 12. Be3 Nxe5 13. Qh5 Nc4 14. Bxc4 bxc4 15. Rad1 Qc7 16. Rf3 Nd7 17. Nf5 exf5 18. Nd5 Qe5 19. Rh3 h6 20. Bxh6 Bc5+
21. Be3 f6 22. Kh1 f4 23. Qh7+ Kf7 24. Bxf4 Qe2 25. Nc3 Qe6 26. Rg3 Rg8 27. Qg6+ Ke7 28. Nd5+ Kf8 29. Nc7 Qe2 30. Rg1 Ra7
31. Re3 Qxe3 32. Bxe3 Rxc7 33. Bf4 Ra7 34. Re1 Be7 35. Qe4 Nc5 36. Qxc4 g5 37. Rxe7 Rxe7 38. Bd6 Ne6 39. Qxc8+ Kg7 40. Qxg8+ Kxg8
41. Bxe7 Kf7 42. Bb4 Nd4 43. c4 Ke6 44. g4 Nc6 45. Bc3 a5 46. Kg2 Ne5 47. Bxe5 Kxe5 48. Kf3 Kd4 49. b3 Ke5 50. Ke3 Kd6
51. Ke4 Kc5 52. Kf5
1-0

[Event " Standard Chess Senior Masters Cup #3"]
[Site "SchemingMind.com"]
[Date "2007.08.15"]
[Round "-"]
[White "Konan_Kaddosh"]
[Black "Mariazb"]
[Result "1-0"]
[WhiteCountry "ITA"]
[BlackCountry "ARG"]
[WhiteElo "2467"]
[WhiteRD "58"]
[BlackElo "2380"]
[BlackRD "68"]
[GameID "116574"]

1. e4 c5 2. Nf3 d6 3. d4 cxd4 4. Nxd4 Nf6 5. Nc3 a6 6. Bc4 e6 7. Bb3 Nbd7 8. f4 Nc5 9. e5 Nfd7 10. exd6 Nf6
11. Be3 Bxd6 12. O-O O-O 13. Qd2= Qb6 14. Rad1 Ng4 15. Kh1 Nxe3 16. Qxe3 Bc7 17. Ne4 Nxe4 18. Qxe4 Bd7 19. f5 e5 20. Nf3 Bb5
21. Rfe1 Bc6 22. Qg4 Bxf3 23. Qxf3 Rad8 24. Qe4 Rd6 25. Rxd6 Bxd6 26. Qd5 Qc7 27. g3 Rd8 28. Kg2 b5 29. Rd1 b4 30. Rd3 h6
31. Rd1 a5 32. Qb5 Qa7 33. Rd5 Kh7 34. Qd3 Qb7 35. Qe4 Qa8 36. f6+ g6 37. g4 Bc7 38. h4 Qc6 39. g5 a4 40. Bc4 h5
41. Kf3 Rxd5 42. Qxd5 Qxd5+ 43. Bxd5 Kg8 44. Bc6 a3= 45. bxa3 bxa3 46. Ke4 Bb6 47. c4 Bf2 48. Bd7 Kh8 49. Bb5 Bxh4 50. c5 Bf2
51. c6 Bb6 52. Kxe5 Bc7+ 53. Kd4 Kg8 54. Bf1 Kf8 55. Kc5 Ke8 56. Kb5 Kd8 57. Bh3 Bd6 58. Kb6 Bf4 59. Kb7 h4 60. Bf1
1-0

[Event " Standard Chess Senior Masters Cup #3"]
[Site "SchemingMind.com"]
[Date "2007.08.15"]
[Round "-"]
[White "Konan_Kaddosh"]
[Black "kotofey"]
[Result "1/2-1/2"]
[WhiteCountry "ITA"]
[BlackCountry "LAT"]
[WhiteElo "2343"]
[WhiteRD "71"]
[BlackElo "2261"]
[BlackRD "93"]
[GameID "116575"]

1. e4 c5 2. Nf3 Nc6 3. d4 cxd4 4. Nxd4 e5 5. Nb5 d6 6. c4 Be7 7. N1c3 a6 8. Na3 Be6 9. Bd3 Bg5 10. O-O Bxc1
11. Rxc1 Nf6 12. Nc2 O-O 13. Qd2 Rc8 14. Nd5 Nd7 15. b4 h6 16. Rfd1 Qg5 17. f3 Qxd2 18. Rxd2 Rfd8 19. a3 g6 20. Kf2 Kg7
21. Rdd1 h5 22. g3 h4 23. Be2 hxg3+ 24. hxg3 Rh8 25. Rh1 f5 26. Bd3 Kf7=
1/2-1/2

[Event " Standard Chess Senior Masters Cup #3"]
[Site "SchemingMind.com"]
[Date "2007.08.18"]
[Round "-"]
[White "Chess Tiger"]
[Black "Konan_Kaddosh"]
[Result "0-1"]
[WhiteCountry "GER"]
[BlackCountry "ITA"]
[WhiteElo "2201"]
[WhiteRD "76"]
[BlackElo "2444"]
[BlackRD "56"]
[GameID "116576"]

1. e4 c5 2. Nf3 Nc6 3. d4 cxd4 4. Nxd4 e5 5. Nb5 d6 6. N1c3 Nf6 7. Bg5 a6 8. Na3 b5 9. Nd5 Be7 10. Bxf6 Bxf6
11. c3 O-O 12. Nc2 Bg5 13. a4 bxa4 14. Rxa4 a5 15. Bb5 Ne7 16. Nxe7+ Qxe7 17. O-O Be6 18. Qd3 f5 19. Bc4 fxe4 20. Qxe4 Kh8
0-1

[Event " Standard Chess Senior Masters Cup #3"]
[Site "SchemingMind.com"]
[Date "2007.08.20"]
[Round "-"]
[White "griffimv"]
[Black "Konan_Kaddosh"]
[Result "1/2-1/2"]
[WhiteCountry "INT"]
[BlackCountry "ITA"]
[WhiteElo "2375"]
[WhiteRD "81"]
[BlackElo "2415"]
[BlackRD "58"]
[GameID "116577"]

1. e4 c5 2. Nf3 Nc6 3. d4 cxd4 4. Nxd4 e5 5. Nb5 d6 6. c4 Be7 7. N1c3 a6 8. Na3 f5 9. exf5 Bxf5 10. Bd3 Be6
11. O-O Nf6 12. Nc2 O-O 13. b3 b5 14. cxb5 axb5 15. Bxb5 Rc8 16. Bb2 d5 17. Na4 Bd6 18. Qe2 Kh8 19. Rac1 Bd7 20. f3 Rb8
21. Rf2 Re8 22. Qf1 Qa5 23. Ba3 Bc7 24. Bxc6 Bxc6 25. Bb4 Qa7=
1/2-1/2

[Event " Standard Chess Senior Masters Cup #3"]
[Site "SchemingMind.com"]
[Date "2007.08.15"]
[Round "-"]
[White "Mariazb"]
[Black "Konan_Kaddosh"]
[Result "1/2-1/2"]
[WhiteCountry "ARG"]
[BlackCountry "ITA"]
[WhiteElo "2394"]
[WhiteRD "71"]
[BlackElo "2415"]
[BlackRD "58"]
[GameID "116578"]

1. d4 Nf6 2. Bg5 c5 3. Bxf6 gxf6 4. d5 Qb6 5. Qc1 f5 6. c4 Bg7 7. Nc3 d6 8. e3 Nd7 9. Nf3 Ne5 10. Nxe5 Bxe5
11. Qc2 Bd7 12. Bd3 Rg8 13. f4 Bf6 14. Rb1 e6 15. O-O h5 16. Kh1 Rg7 17. Qe2 O-O-O 18. dxe6 fxe6 19. Bxf5 exf5 20. Nd5 Qa5
21. Nxf6 Bc6 22. e4 h4 23. Rf3 fxe4 24. Ra3 Qc7 25. Rf1 Kb8 26. f5 Rf8 27. Ng4 Qd7 28. Ne3 h3 29. g3 Qe7 30. Qd2 Rgf7=
1/2-1/2

[Event " Standard Chess Senior Masters Cup #3"]
[Site "SchemingMind.com"]
[Date "2007.08.16"]
[Round "-"]
[White "kotofey"]
[Black "Konan_Kaddosh"]
[Result "1/2-1/2"]
[WhiteCountry "LAT"]
[BlackCountry "ITA"]
[WhiteElo "2261"]
[WhiteRD "93"]
[BlackElo "2343"]
[BlackRD "71"]
[GameID "116579"]

1. e4 c5 2. Nf3 Nc6 3. d4 cxd4 4. Nxd4 e5 5. Nb5 d6 6. N1c3 a6 7. Na3 b5 8. Nd5 Nf6 9. Bg5 Be7 10. Bxf6 Bxf6
11. c3 Bg5 12. Nc2 O-O 13. a4 bxa4 14. Rxa4 a5 15. Bc4 Rb8 16. Ra2 Kh8 17. Nce3 Bxe3 18. Nxe3 Ne7 19. O-O f5 20. exf5 Nxf5
21. Nd5 Ne7 22. Qe2 Nxd5 23. Bxd5 Bd7 24. b3 Qc7 25. Qe3 Bc6 26. Bxc6 Qxc6 27. c4 Qb6 28. Rb1 Qb4 29. h3 h6 30. Rd1 Qxb3=
1/2-1/2

[Event " Standard Chess Senior Masters Cup #3"]
[Site "SchemingMind.com"]
[Date "2007.08.25"]
[Round "-"]
[White "MARISCAL"]
[Black "Chess Tiger"]
[Result "1-0"]
[WhiteCountry "ESP"]
[BlackCountry "GER"]
[WhiteElo "2249"]
[WhiteRD "101"]
[BlackElo "2083"]
[BlackRD "68"]
[GameID "117235"]

1. e4 c5 2. c3 d5 3. exd5 Qxd5 4. d4 Nf6 5. Nf3 Bg4 6. Be2 e6 7. Na3 Nc6 8. O-O cxd4 9. Nb5 O-O-O 10. Nbxd4 Nxd4
11. cxd4
1-0

[Event " Standard Chess Senior Masters Cup #3"]
[Site "SchemingMind.com"]
[Date "2007.08.25"]
[Round "-"]
[White "MARISCAL"]
[Black "griffimv"]
[Result "1/2-1/2"]
[WhiteCountry "ESP"]
[BlackCountry "INT"]
[WhiteElo "2231"]
[WhiteRD "112"]
[BlackElo "2401"]
[BlackRD "81"]
[GameID "117236"]

1. e4 c5 2. c3 Nf6 3. e5 Nd5 4. d4 cxd4 5. Nf3 Nc6 6. Bc4 Nb6 7. Bb3 d5 8. exd6 Qxd6 9. O-O Be6 10. Na3 dxc3
11. Bxe6 Qxd1 12. Rxd1 fxe6 13. bxc3 g6 14. Ng5 Rd8 15. Be3 Rxd1+ 16. Rxd1 Nd5 17. Nb5 Bh6 18. c4 Nxe3 19. Nc7+ Kf8 20. Ncxe6+ Ke8
21. Nc7+=
1/2-1/2

[Event " Standard Chess Senior Masters Cup #3"]
[Site "SchemingMind.com"]
[Date "2007.08.20"]
[Round "-"]
[White "MARISCAL"]
[Black "Mariazb"]
[Result "1/2-1/2"]
[WhiteCountry "ESP"]
[BlackCountry "ARG"]
[WhiteElo "2329"]
[WhiteRD "96"]
[BlackElo "2352"]
[BlackRD "73"]
[GameID "117237"]

1. e4 c5 2. c3 Nf6 3. e5 Nd5 4. d4 e6 5. Nf3 cxd4 6. cxd4 b6 7. Nc3 Nxc3 8. bxc3 Qc7 9. Bd2 Be7 10. Bd3 O-O
11. h4 Ba6 12. Be4 Nc6 13. Rh3 f5 14. exf6 Rxf6 15. Bg5 Rf7 16. Qc2 h6 17. Bxe7 Rxe7 18. Ne5 Nxe5 19. Bxa8 Nc4 20. Be4 Rf7
21. h5 Qf4 22. Bh7+ Kf8 23. Bg6 Rf6 24. Bd3 Na3 25. Qe2 Bxd3 26. Rxd3 Qh2 27. O-O-O Qxg2 28. Qb2 Qg5+ 29. Re3 Qa5 30. Qb4+ Qxb4
31. cxb4 Nc4 32. Rc3 d5 33. Rdd3 Rxf2 34. Rf3+ Rxf3 35. Rxf3+ Ke7 36. a4 Nd6 37. Kc2 Ne4 38. b5 Nf6 39. Rh3 Kd6 40. Rh1 Ke7
41. Kb3=
1/2-1/2

[Event " Standard Chess Senior Masters Cup #3"]
[Site "SchemingMind.com"]
[Date "2007.08.20"]
[Round "-"]
[White "MARISCAL"]
[Black "kotofey"]
[Result "1/2-1/2"]
[WhiteCountry "ESP"]
[BlackCountry "LAT"]
[WhiteElo "2231"]
[WhiteRD "112"]
[BlackElo "2353"]
[BlackRD "86"]
[GameID "117238"]

1. e4 c5 2. c3 Nf6 3. e5 Nd5 4. d4 cxd4 5. Nf3 Nc6 6. Bc4 Nb6 7. Bb3 d6 8. exd6 Qxd6 9. O-O Be6 10. Na3 dxc3
11. Qe2 Bxb3 12. Nb5 Qb8 13. axb3 e5 14. Re1 Be7 15. bxc3 Nd7 16. Bf4 O-O 17. Rad1 Rd8 18. Bg3 a6 19. Nbd4 Qc7 20. Rd3 Bf6
21. Re3 b5 22. Nxc6 Qxc6 23. Nxe5 Nxe5 24. Bxe5 Bxe5 25. Rxe5 g6=
1/2-1/2

[Event " Standard Chess Senior Masters Cup #3"]
[Site "SchemingMind.com"]
[Date "2007.08.20"]
[Round "-"]
[White "MARISCAL"]
[Black "Konan_Kaddosh"]
[Result "1/2-1/2"]
[WhiteCountry "ESP"]
[BlackCountry "ITA"]
[WhiteElo "2276"]
[WhiteRD "97"]
[BlackElo "2480"]
[BlackRD "58"]
[GameID "117239"]

1. e4 c5 2. c3 d5 3. exd5 Qxd5 4. d4 Nf6 5. Nf3 e6 6. Bd3 Be7 7. O-O O-O 8. c4 Qd7 9. dxc5 Rd8 10. Bc2 Qxd1
11. Rxd1 Rxd1+ 12. Bxd1 Bxc5 13. Nc3 b6 14. Bf4 Bb7 15. Be2 Nc6 16. Rd1 Rd8 17. Rxd8+ Nxd8 18. a3 Nc6 19. b4 Be7 20. Kf1 Nd7
21. Bc7 Bf6 22. Nb5 Bb2 23. Nd2 Nd4 24. Nxd4 Bxd4 25. Bf3 Bxf3 26. Nxf3 Bb2 27. a4 e5 28. a5 e4 29. Bxb6 Nxb6 30. axb6 axb6
31. Ng5 f5 32. c5 bxc5 33. bxc5 Kf8 34. Nxh7+ Ke7 35. g4 fxg4 36. Ng5 Kd7 37. Nxe4 Kc6= 38. Kg2 Be5 39. Ng3 Kxc5 40. Nf5 Kd5=
41. Ne3+ Ke4 42. Nxg4 Bd6 43. h3 Bb8 44. f3+ Kf4 45. Nf2 Bd6 46. Nd3+=
1/2-1/2

[Event " Standard Chess Senior Masters Cup #3"]
[Site "SchemingMind.com"]
[Date "2007.08.25"]
[Round "-"]
[White "Chess Tiger"]
[Black "MARISCAL"]
[Result "0-1"]
[WhiteCountry "GER"]
[BlackCountry "ESP"]
[WhiteElo "2083"]
[WhiteRD "68"]
[BlackElo "2249"]
[BlackRD "101"]
[GameID "117240"]

1. e4 e6 2. d4 d5 3. Nc3 Bb4 4. e5 c5 5. a3 Bxc3+ 6. bxc3 Qc7 7. Qg4 f5 8. Qg3 cxd4 9. cxd4 Ne7 10. Bd2 Nbc6
11. Nf3 O-O
0-1

[Event " Standard Chess Senior Masters Cup #3"]
[Site "SchemingMind.com"]
[Date "2007.08.25"]
[Round "-"]
[White "griffimv"]
[Black "MARISCAL"]
[Result "1-0"]
[WhiteCountry "INT"]
[BlackCountry "ESP"]
[WhiteElo "2351"]
[WhiteRD "80"]
[BlackElo "2325"]
[BlackRD "89"]
[GameID "117241"]

1. e4 e6 2. d4 d5 3. Nc3 Bb4 4. e5 c5 5. a3 Bxc3+ 6. bxc3 Qc7 7. Qg4 f5 8. Qg3 cxd4 9. cxd4 Ne7 10. Bd2 O-O
11. Bd3 b6 12. Ne2 Ba6 13. Nf4 Qd7 14. h4 Bxd3 15. Qxd3 Rc8 16. h5 Rc4 17. h6 g6 18. c3 Nbc6 19. O-O Na5 20. Rfb1 Kh8
21. Ne2 Rac8 22. Bg5 Ng8 23. Ra2 Qf7 24. a4 R4c6 25. Rc1 Nc4 26. Nf4 Na5 27. Rcc2 Qe8 28. Qg3 Nc4 29. Re2 Na5 30. Re3 Nc4
31. Qh4 R8c7 32. Rh3 Qf7 33. Re2 Rd7 34. Rg3 Qf8 35. Bf6+ Nxf6 36. exf6 Qg8 37. f3 Qf7 38. Rh3 Qg8 39. Qg5 Qf7 40. Kf2 Qg8
41. Rh1 Qf7 42. Rd1 Kg8 43. Rde1 Rdd6 44. g4
1-0

[Event " Standard Chess Senior Masters Cup #3"]
[Site "SchemingMind.com"]
[Date "2007.08.20"]
[Round "-"]
[White "Mariazb"]
[Black "MARISCAL"]
[Result "0-1"]
[WhiteCountry "ARG"]
[BlackCountry "ESP"]
[WhiteElo "2352"]
[WhiteRD "73"]
[BlackElo "2329"]
[BlackRD "96"]
[GameID "117242"]

1. d4 e6 2. c4 Nf6 3. Nf3 b6 4. g3 Bb7 5. Bg2 Be7 6. O-O O-O 7. Re1 Na6 8. Nc3 Ne4 9. Nxe4 Bxe4 10. Ne5 Bxg2
11. Kxg2 c5 12. d5 Qc7 13. Bf4 Bd6 14. Nd3 Bxf4 15. Nxf4 e5 16. Nd3 e4 17. Qa4 Nb8 18. Nf4 d6 19. Qc2 Re8 20. Rad1 Nd7
21. Qb3 Nf6 22. Qb5 a6 23. Qb3 b5 24. h4 Qa5 25. cxb5 axb5 26. a3 Re5 27. e3 c4 28. Qc2 h6 29. Ra1 Rc8 30. Rad1 Qa8
31. Rd4 Rc5 32. Rc1 Qc8 33. a4 bxa4 34. Qxa4 g5 35. hxg5 hxg5 36. Nh3 Qf5 37. Rdxc4 Qf3+ 38. Kg1 Nxd5 39. Re1 Nb6 40. Nxg5 Qf5
0-1

[Event " Standard Chess Senior Masters Cup #3"]
[Site "SchemingMind.com"]
[Date "2007.08.20"]
[Round "-"]
[White "kotofey"]
[Black "MARISCAL"]
[Result "1-0"]
[WhiteCountry "LAT"]
[BlackCountry "ESP"]
[WhiteElo "2370"]
[WhiteRD "88"]
[BlackElo "2249"]
[BlackRD "101"]
[GameID "117243"]

1. e4 e6 2. d4 d5 3. Nc3 Bb4 4. e5 c5 5. a3 Bxc3+ 6. bxc3 Qc7 7. Qg4 f5 8. Qg3 cxd4 9. cxd4 Ne7 10. Ne2 O-O
11. c3 b6 12. Nf4 Qd7 13. a4 Ba6 14. Bb5 Bxb5 15. axb5 Kf7 16. Ba3 Re8 17. Qd3 a6 18. Bxe7 Rxe7 19. O-O Kg8 20. Rfc1 Re8
21. h4 Ra7 22. bxa6 b5 23. Rcb1 Rxa6 24. Rxa6 Nxa6 25. Qxb5 Qxb5 26. Rxb5 Re7 27. Rb6 Nc7 28. h5 Kf7 29. Kh2 Re8 30. Rb7 Re7
31. Kg3 Ke8 32. Kh4 Kf7 33. h6 gxh6 34. Kh5
1-0

[Event " Standard Chess Senior Masters Cup #3"]
[Site "SchemingMind.com"]
[Date "2007.08.20"]
[Round "-"]
[White "Konan_Kaddosh"]
[Black "MARISCAL"]
[Result "1-0"]
[WhiteCountry "ITA"]
[BlackCountry "ESP"]
[WhiteElo "2467"]
[WhiteRD "58"]
[BlackElo "2249"]
[BlackRD "101"]
[GameID "117244"]

1. e4 e6 2. d4 d5 3. Nc3 Nf6 4. Bg5 dxe4 5. Nxe4 Be7 6. Bxf6 gxf6 7. Nf3 b6 8. Bc4 Bb7 9. Qe2 c6 10. O-O Qc7
11. Ng3 Nd7 12. a4 h5 13. Rfe1 O-O-O 14. Ba6 Bxa6 15. Qxa6+ Kb8 16. c3 h4 17. Nf5 Bf8 18. N5xh4 f5 19. a5 b5 20. c4 Ka8
21. cxb5 Nb8 22. Qb6 Qd7 23. bxc6 Nxc6 24. Qb5 Bg7 25. Red1 Rb8 26. Qa6 Qd5 27. g3 Rb7 28. Rac1 Nxd4 29. Nxd4 Bxd4 30. Qe2 f4
31. Nf3 Rxb2 32. Qxb2 Bxb2 33. Rxd5 exd5 34. Rc7 fxg3 35. fxg3 Rd8 36. a6 f6 37. h4 d4 38. h5 d3 39. h6 f5 40. h7 Ba1
41. Kf1 Kb8 42. Rb7+ Ka8 43. Ke1
1-0